1 Club par Championnat Européen Hors du Big 5. - Statistiques

Statistiques générales
  • Ce quiz a été pris 422 fois
  • Le résultat moyen est 28 sur 50
Statistiques - réponses
Championnat (Pays) Club % Correct
Liga Portugal Bwin (Portugal) Porto | Sporting | Benfica | Braga | Gil Vicente | Vitoria Guimaeres | Estoril | Maritimo | Portimonense | Santa Clara | Vizela | Boavista | Paços Ferreira | Tondela | Famalicao | Moreirense | Arouca | Belenenses
99%
Eredivisie (Pays-Bas) Ajax Amsterdam | PSV | Feyenoord | AZ Alkmaar | FC Twente | Vitesse Arnhem | FC Utrecht | NEC Nimègue | SC Cambuur | FC Groningue | SC Heerenveen | Heracles Almelo | RKC Waalwijk | Go Ahead Eagles | Willem II | Fortuna Sittard | Sparta Rotterdam | PEC Zwolle
97%
Scottish Premiership (Ecosse) Celtic Glasgow | Glasgow Rangers | Heart of Midlothian | Dundee Utd | Motherwell | St. Mirren | Hibernian Edimbourg | Aberdeen | Livingston | Ross County | Dundee FC | St. Johnstone
94%
Süper Lig (Turquie) Trabzonspor | Konyaspor | Adana Demirspor | Istanbul Basaksehir | Alanyaspor | Fenerbahçe | Hatayspor | Besiktas | Gaziantep FK | Kayserispor | Sivasspor | Karagümrük | Galatasaray | Kasimpasa | Antalyaspor | Göztepe | Giresunspor | Rizespor | Altay Izmir | Yeni Malatyaspor
92%
Jupiler Pro League (Belgique) Union Saint-Gilloise | Royal Antwerp | Club Bruges | Anderlecht | La Gantoise6 Charleroi SC | FC Malines | Racing Genk |OH Louvain | Cercle Bruges | KV Courtrai | Saint-Trond | Standard de Liège | KV Ostende | Eupen | Zulte Waregem | Seraing | Beerschot V Anvers
92%
Première League Russe (Russie) Zénith Saint-Pétersbourg | Dynamo Moscou | FC Sotchi | CSKA Moscou | FC Krasnodar | Lokomotiv Moscou | Akhmat Grozny | Krylia Sovetov | Spartak Moscou | Rubin Kazan | Oural Iekaterinbourg | Arsenal Toula | FK Nijni Novgorod | FC Rostov | Oufa | FC Khimki
91%
Super League suisse (Suisse) FC Zurich | Young Boys Berne | FC Bâle | FC Lugano | Servette Genève | Grasshopper Zurich | FC Sion | FC Saint-Gall | FC Lucerne | Lausanne-Sport
89%
Bundesliga Autrichienne (Autriche) Salzbourg | Wolfsberger AC | Sturm Graz | Austria Klagenfurt | Rapid Vienne | Austria Vienne | Ried | Hartberg | Linzer ASK | Wattens | Admira | Rheindorf Altach
89%
Premier League (Ukraine) Chakhtior Donetsk | Dynamo Kiev | SK Dnipro-1 | Zorya Lougansk | Vorskla Poltava | Oleksandria | Desna Chernigiv | Kolos Kovalivka | Veres Rivne | Metalist 1925 | Rukh Lviv | FK Lviv | Tchernomorets Odessa | Inhulets Petrove | FK Minaj | FC Mariupol
87%
Ekstraklasa (Pologne) KKS Lech Poznan | MKS Pogon Szczecin | Raków Czestochowa | Radomiak Radom | OSP Lechia Gdansk | KS Górnik Zabrze | KS FKS Stal Mielec | Wisla Plock SA | MKS Cracovia Cracovie | Jagiellonia Bialystok SSA | GKS Piast Gliwice | Slask Wroclaw | Wisla Cracovie SSA | KS Warta Poznan | GKS Górnik Leczna SA | Zaglebie Lubin SSA | Legia Varsovie | Nieciecza
86%
Superleague Elláda (Grèce) Olympiakos | PAOK Salonique | AEK Athènes | Panathinaïkos | PAS Giannina | OFI Crète | Asteras Tripolis | Aris Salonique | Volos NFC | Panetolikos | Ionikos | Lamia | Atromitos Athènes | Apollon Smyrnis
86%
Prva hrvatska (Croatie) Dinamo Zagreb | Osijek | Hajduk Split | Rijeka | Gorica | Lokomotiva Zagreb | Šibenik Šibenik | Slaven Koprivnica | Istra 1961 | Hrvatski Dragovoljac
82%
Superligaen (Danemark) Midtjylland | FC Copenhague | Brøndby | AaB | Randers | Silkeborg | AGF | Viborg | OB | Nordsjælland | SønderjyskE | Vejle-Kolding
76%
Super liga Srbije (Serbie) Partizan Belgrade | Etoile Rouge de Belgrade | Čukarički | Vojvodina | Napredak | Proleter | Voždovac | Radnički N | Mladost | Spartak Žk | TSC | Kolubara | Radnik | Metalac | Novi Pazar | Radnički 1923
76%
Fortuna Liga (Rep Tchèque) Slavia Prague | Viktoria Plzen | Sparta Prague | Banik Ostrava | FC Slovacko | Ceske Budejovice | Mlada Boleslav | Hradec Kralove | Sigma Olomouc | Slovan Liberec | Fastav Zlin | Bohemians 1905 | FK Jablonec | FK Teplice | FK Pardubice | MFK Karvina
76%
Ligat Habursa Leniyarot Erech (Israel) Maccabi Haifa | Hapoel Beer Sheva | Maccabi Tel Aviv | Hapoel Tel Aviv | Hapoel Hadera | Maccabi Netanya FC | Ihoud Bnei Sakhnin FC | Hapoel Haifa FC | Hapoel Ironi Kiryat Shmona | MS Ashdod | Beitar Jerusalem FC | Hapoel Nazareth Illit FC | Hapoel Jerusalem | Maccabi Petah Tikva FC
75%
Division Nationale (Luxembourg) F91 Dudelange | Progrès Niedercorn | RFC Union Luxemburg | UNA Strassen | Fola Esch | Differdange 03 | Swift Hesperange | Victoria Rosport | Jeunesse d'Esch | Hostert | UT Pétange | Mondorf-les-Bains | Etzella Ettelbrück | Wiltz | Rodange | RM Hamm Benfica
72%
Liga I (Roumanie) CFR 1907 Cluj | FC Steaua Bucarest | Botoşani | Voluntari | CS U Craiova | FCV Farul Constanţa | Argeș | FC Rapid Bucarest | Sepsi | UTA Arad | Chindia | CS Dacia Mioveni | U Craiova 1948 | Gaz Metan Medias | FC Dinamo Bucarest | Academica Clinceni
70%
Първа професионална футболна лига (Bulgarie) Ludogorets | CSKA | Cherno More | Botev | Slavia Sofia | Levski | Beroe | Loko Plovdiv | Arda | CSKA 1948 | Lokomotiv Sf | Botev | Pirin | Tsarsko selo
70%
Panchypriote Cyta (Chypre) Apollon Limassol | APOEL | AEK Larnaca | Aris Salonique | Anorthosis | Pafos | Omónia Nicosie | AEL Limassol | Olympiakos Nicosia | Doxa | PAEEK | Ethnikos Achna
68%
NB I (Hongrie) Ferencváros | Puskás FC | Kisvárda | Fehérvár | Paksi SE | Mezőkövesd-Zsóry | Zalaegerszegi TE | Honvéd | Gyirmót | Debrecen | MTK | Újpest
68%
Virsliga (Lettonie) Auda | BFC Daugavpils | Liepāja | Metta / LU | Riga FC | Rīgas FS | Spartaks Jūrmala | Super Nova | Tukums | Valmiera / BSS
61%
Premier League (Bielorussie) Arsenal | BATE | Belshina | Dinamo Brest | Dynamo Minsk | Gomel | Isloch | Minsk | Neman Grodno | Ruh Brest | Shakhtyor | Slaviya | Slutsksakhar | Torpedo Jodzina | Vitebsk | Zorka-BDU
59%
Eliteserien (Norvege) Aalesund | Bodø / Glimt | HamKam | Haugesund | Jerv | Kristiansund | Lillestrøm | Molde | Odd | Rosenborg | Sandefjord | Sarpsborg 08 | Strømsgodset | Tromsø | Viking | Vålerenga
55%
Super League (Kazakhstan) Aksu | Aktobe | Akzhayik | Astana | Atyrau | FK Qairat Almaty | Kaspiy | Kyzyl-Zhar | Maqtaaral | Ordabasy | Schachtjor Qaraghandy | Taraz | Tobol | Turan Turkistan
50%
Premier Division (Gibraltar) Lincoln Red Imps | Europa FC | St Joseph's | Glacis United | Mons Calpe SC | Magpies | Manchester 62 | Lynx | College 1975 | Europa Point | Lions Gibraltar
50%
Premier Liga (Bosnie-Hezergovine) Zrinjski | Tuzla City | Borac Banja Luka | Sarajevo | Široki Brijeg | Željezničar | Sloboda Tuzla | Velež Mostar | Rudar Prijedor | Posušje | Leotar | Radnik Bijeljina
50%
Allsvenskan (Suède) AIK | Degerfors Degerfors | Djurgården | Elfsborg | GIF Sundsvall | Hammarby | Helsingborg | Häcken | IFK Göteborg | Kalmar | Malmö FF | Mjällby | Norrköping |Sirius | Varberg | Värnamo
49%
Super League (Liechtenstein) FC Balzers | USV Eschen/Mauren | FC Ruggell | FC Schaan | FC Triesen | FC Triesenberg | FC Vaduz
49%
Divizia Nationala (Moldavie) Sheriff Tiraspol | Petrocub Hînceşti | Milsami Orhei | Sfintul Gheorghe | Dinamo-Auto | CSF Bălți | FC Zimbru Chisinau | Floreşti
49%
Superliga (Albanie) Tirana | Laçi | Kukësi | Vllaznia Shkodër | Partizani Tirana | Teuta Durrës | Dinamo Tirana | Skënderbeu Korçë | Egnatia Rrogozhinë | Kastrioti Krujë
47%
IFA Premiership (Irlande du Nord) Glentoran | Linfield | Cliftonville | Crusaders | Larne | Coleraine | Ballymena United | Glenavon | Dungannon Swifts | Carrick Rangers | Portadown | Warrenpoint Town
46%
A Lyga (Lituanie) Žalgiris Vilnius | Sūduva Marijampolė | Kauno Žalgiris | Panevėžys | Hegelmann Litauen | Riteriai | Banga | Džiugas Telšiai | Dainava | Nevėžis
46%
Umaglesi Liga (Géorgie) Dila | Dinamo Batumi | Dinamo Tbilissi | Gagra | Lokomotivi Tbilisi | Saburtalo | Samgurali | Sioni | Telavi | Torpedo Kutaisi
45%
Landsbankadeild Karla (Islande) Breidablik | FH | Fram | KA | KR | Keflavík | Leiknir Reykjavík | Stjarnan | Valur | Víkingur Reykjavik | ÍA | ÍBV
42%
1. SNL (Slovénie) NK Koper | Maribor | Olimpija Ljubljana | Bravo | NŠ Mura | Domžale | NK Celje | Radomlje | Tabor Sežana | Aluminij
41%
Premyer Liqasi (Azerbaidjan) Qarabağ | Qabala | Zira | Neftchi | Sabah | Keshla FK | Soumgaït | Səbail
40%
Division 1 (Macédoine du Nord) KF Shkupi | Shkëndija Tetovo | Akademija Pandev | Renova | Makedonija GjP | Bregalnica Štip | FC Struga | Rabotnički | Skopje | Tikveš | Borec | Pelister
36%
Meistriliiga (Estonie) FC Flora Tallinn | FCI Levadia | Kuressaare | Legion | Nõmme Kalju | Paide | Tallinna Kalev | Tammeka | Trans | Vaprus
35%
Premier League (Irlande) Bohemians | Derry City | Drogheda United | Dundalk | Finn Harps | Shamrock Rovers | Shelbourne | Sligo Rovers | St Patrick's | UCD
32%
Veikkausliiga (Finlande) HIFK | HJK | Haka | Honka | Ilves | Inter Turku | KuPS | Lahti | Mariehamn | Oulu | SJK | VPS
29%
Fortuna Liga (Slovaquie) Slovan | Trnava | Ružomberok | DAC | Žilina | Sereď | Senica | Trenčín | Zemplín | L. Mikuláš | Zlaté Moravce | Pohronie
29%
Prva Liga (Montenegro) FK Sutjeska Nikšić | Dečić | Budućnost Podgorica | Petrovac | Iskra | Mornar | Rudar | Jezero | Podgorica | Zeta
26%
Formuladeildin (Iles Feroé) 07 Vestur | AB Agir | B36 Torshavn | B68 Toftir | EB/Streymur | HB Torshavn | KI Klaksvik | NSI Runavik | Skala IF | Vikingur
17%
Premier League (Pays de Galles) The New Saints | Penybont | Newtown | Flint Town United | Bala Town | Connah's Quay | Caernarfon Town | Cardiff MU | Aberystwyth Town | Barry Town United | Haverfordwest County | Cefn Druids
17%
Première Division (Malte) Hibernians Paola | Floriana | Birkirkara | Gzira United | Hamrun Spartans | Sirens | Gudja United | Valletta | Balzan | Mosta | Santa Lucia | Sliema Wanderers
14%
1ère Division (Arménie) Ararat-Armenia | Pyunik | Ararat | Noah | Alashkert | Urartu | Van | Noravank | BKMA | Sevan
13%
1ere Division (Andorre) Inter Club Escaldes | Atlètic Club Escaldes | Sant Julià | FC Santa Coloma | UE Santa Coloma | Ordino | Engordany | Carroi
12%
Serie A1 (Saint-Marin) Juvenes / Dogana | La Fiorita | Cosmos | Tre Penne | Pennarossa | Fiorentino | Cailungo | Murata | Domagnano | Faetano | Folgore | Virtus | San Giovanni | Tre Flori
11%
Superliga (Kosovo) KF Drita | Ballkani | Gjilani | Llapi Podujevë | FC Prishtina | Drenica Skënderaj | Malisheva | Ulpiana | Dukagjini | Feronikeli
9%
Aucun quiz correspondant
Distribution des résultats
% des personnes avec chaque résultat
Percentile par nombre de réponses
Votre historique - résultats
Vous n’avez pas pris ce quiz